| 000 | 01345cam a22003015a 4500 | ||
|---|---|---|---|
| 001 | L156395 | ||
| 002 | 19125 | ||
| 008 | 280512s2012 xxk f 001 0 eng d | ||
| 020 | _a9780435046828 | ||
| 035 | _a(Sirsi) u156395 | ||
| 041 | 0 | _aeng | |
| 050 | 0 | 4 | _a690 |
| 100 | 1 | _aChudley, Roy | |
| 245 | 0 | 0 | _aConstruction technology |
| 250 | _a5th ed. | ||
| 260 |
_aHarlow _bPrentice Hall _c2011 |
||
| 300 |
_axi, 634 p. _bill. _c24 cm |
||
| 350 | _a69 | ||
| 505 | 2 | _aIntroduction -- Part 1: Site investigations -- Part 2: Site and temporary works -- Part 3: Substructure -- Part 4: Superstructure -- Part 5: Floors -- Part 6: Roofs -- Part 7: Energy conservation and sustainability in buildings -- Part 8: Internal fixtures and fittings -- Part 9: Access and facilities for disabled people -- Part 10: Framed buildings -- Part 11: Services. | |
| 520 | _aThis book is an updated version of the previous edition. It has been updated to include sections on site investigations, energy us and sustainability and adaptations for independent living. Guidance on building principles is accompanied with practice standards that are up to date. | ||
| 521 | _aAdvanced | ||
| 651 | 4 |
_aUnited Kingdom _y |
|
| 690 |
_aConstruction management _96230 |
||
| 700 | 1 | _aGreeno, Roger | |
| 700 | 1 | _aHurst, Mike | |
| 700 | 1 | _aTopliss, Simon | |
| 942 | _n0 | ||
| 999 |
_c114237 _d114237 |
||